000 00518nam a2200193Ia 4500
003 OSt
005 20250918124846.0
008 250729s2005 xx 000 0 und d
020 _a978-8171699315
040 _cAL
041 _aeng
082 _a613 MURA
100 _aMurthy Krishna J
_9222718
245 _aAdministration and organization of physical education and sports
260 _aNew Delhi
_bCommonwealth Publishers
_c2005
300 _a347p
650 _aPhysical Education
_9222719
942 _2ddc
_cBED
999 _c235580
_d235580